000 00790nam a2200289Ia 4500
005 20260324112435.0
008 008 260324s9999 xx 000 0 eng d
020 _a9781003457138
037 _aEBOOK
040 _aCRL
040 _beng
040 _cCRL
041 _2eng
041 _aeng
084 _qCRL
100 _aAnthea Innes; Megan E. O’Connell; Carmel Geoghegan; Phyllis Fehr
_91142705
245 0 _aHow to Live Well with Dementia
245 0 _bExpert Help for People Living with Dementia and their Family, Friends, and Care Partners
260 _bTaylor and Francis
260 _c2024
365 _a
365 _b195
856 _uhttp://www.taylorfrancis.com/books/9781003457138
942 _cEBOOK
999 _c1731913
_d1731913